[Event "17ème Open International de La Réunion"]
[Site "Saint Denis"]
[Date "2015.10.10"]
[Round "5.19"]
[White "Sandjivy, Mateo"]
[Black "Gaudissard, Dominique"]
[Result "0-1"]
[WhiteElo "1384"]
[BlackElo "1723"]
[PlyCount "70"]
[EventDate "2015.??.??"]

1. e4 e5 2. Nf3 Nc6 3. Bc4 Bc5 4. Nc3 Nf6 5. a3 d6 6. h3 O-O 7. d3 h6 8. Na4
Bb6 9. Nxb6 axb6 10. O-O Ne7 11. Bd2 c6 12. Bb3 Ng6 13. Re1 Be6 14. Bxe6 fxe6
15. Qc1 Nh5 16. Qd1 Qf6 17. Rf1 Nhf4 18. Kh2 d5 19. Qe1 Nxg2 20. Kxg2 Qxf3+ 21.
Kh2 Nh4 22. Rg1 Qxf2+ 23. Kh1 Kh7 24. Rg4 g5 25. Rg3 d4 26. Bxg5 hxg5 27. Rxg5
Qf3+ 28. Kg1 Rf4 29. Rg3 Rg8 30. Rxg8 Kxg8 31. Qd2 Qg3+ 32. Kh1 Qxh3+ 33. Qh2
Qf3+ 34. Kg1 Rg4+ 35. Qg2 Qxg2# 0-1

[Event "17ème Open International de La Réunion"]
[Site "Saint Denis"]
[Date "2015.10.10"]
[Round "5.20"]
[White "Vitry, Patrick"]
[Black "Melon, Antonin"]
[Result "0-1"]
[WhiteElo "1712"]
[BlackElo "1520"]
[PlyCount "128"]
[EventDate "2015.??.??"]

1. Nf3 Nc6 2. c4 e5 3. Nc3 f5 4. d4 e4 5. d5 exf3 6. dxc6 fxe2 7. cxd7+ Bxd7 8.
Bxe2 Nf6 9. O-O Be7 10. Bf3 c6 11. Re1 O-O 12. Bf4 Re8 13. a3 Bc5 14. b4 Bb6
15. c5 Bc7 16. Qb3+ Kh8 17. Bg3 Bxg3 18. hxg3 Qc7 19. Qc4 Rac8 20. Rad1 Rxe1+
21. Rxe1 Re8 22. Rxe8+ Bxe8 23. Qd4 Qd7 24. Ne2 Qxd4 25. Nxd4 Bd7 26. Kf1 Nd5
27. Bxd5 cxd5 28. Ke2 g6 29. Ke3 Kg7 30. Nf3 Kf6 31. Kd4 Bc6 32. Ne5 Ke6 33. g4
f4 34. Nf3 h6 35. Nh2 Be8 36. Nf3 g5 37. Kc3 Bd7 38. Nd4+ Ke5 39. f3 a6 40. Ne2
Bb5 41. Nc1 d4+ 42. Kd2 Bc4 43. Nd3+ Kd5 44. Nb2 Bf1 45. Na4 Kc4 46. Nb6+ Kb3
47. Nc8 Kxa3 48. Nd6 Kxb4 49. Nxb7 Kb5 50. Nd6+ Kxc5 51. Nf5 Bxg2 52. Nxh6 Bxf3
53. Nf7 Bxg4 54. Nxg5 a5 55. Ne4+ Kb4 56. Kc1 a4 57. Nf2 Bf5 58. Kb2 a3+ 59.
Ka2 Be6+ 60. Ka1 Kc3 61. Ne4+ Kb4 62. Nd2 Bd5 63. Kb1 f3 64. Ka1 f2 0-1

[Event "17ème Open International de La Réunion"]
[Site "Saint Denis"]
[Date "2015.10.10"]
[Round "5.21"]
[White "Herrero, Alain"]
[Black "Sandjivy, Jean Marc"]
[Result "1-0"]
[WhiteElo "1689"]
[BlackElo "1320"]
[PlyCount "48"]
[EventDate "2015.??.??"]

1. d4 e6 2. c4 Nf6 3. Nc3 Bb4 4. e3 d5 5. a3 Be7 6. b4 c6 7. Nf3 b6 8. Bd3 Bb7
9. O-O c5 10. bxc5 bxc5 11. Qe2 O-O 12. Rd1 Ba6 13. Rb1 Qc7 14. e4 dxe4 15.
Nxe4 Nxe4 16. Bxe4 Bb7 17. Bxb7 Qxb7 18. Rxb7 Bd6 19. d5 Re8 20. Qd3 Rd8 21.
Ng5 g6 22. Qf3 Rd7 23. Rxd7 Nxd7 24. Qxf7+ Kh8 1-0

[Event "17ème Open International de La Réunion"]
[Site "Saint Denis"]
[Date "2015.10.10"]
[Round "5.22"]
[White "Leonardy, Baptiste"]
[Black "Collet, Jean Daniel"]
[Result "0-1"]
[WhiteElo "1140"]
[BlackElo "1656"]
[PlyCount "154"]
[EventDate "2015.??.??"]

1. e4 e5 2. Nf3 Nc6 3. Bc4 Bc5 4. d3 d6 5. Nc3 Nf6 6. O-O Bg4 7. h3 Bh5 8. Re1
Qd7 9. Bb5 a6 10. Bxc6 Qxc6 11. a3 Qd7 12. Be3 Bxe3 13. Rxe3 c6 14. Qd2 Rg8 15.
Nh2 g5 16. f3 Bg6 17. d4 exd4 18. Qxd4 Nh5 19. Ng4 Qe6 20. Nh6 Kf8 21. Nxg8
Kxg8 22. Rd3 Rd8 23. Na4 Nf4 24. Nc5 Ne2+ 25. Kf1 Nxd4 26. Nxe6 Nxe6 27. g3 Ng7
28. c4 f5 29. Re1 fxe4 30. fxe4 Nh5 31. Kg2 d5 32. Rd4 Nf6 33. exd5 cxd5 34.
Re6 Kf7 35. cxd5 Nxd5 36. Re5 Kf6 37. Re2 Ne3+ 38. Rxe3 Rxd4 39. Rb3 Ke5 40.
Kf2 Be4 41. Ke3 Bd5 42. Rc3 Bc6 43. Rc5+ Rd5 44. Rc4 Rb5 45. b4 Rd5 46. h4 Kf5
47. g4+ Kf6 48. h5 Re5+ 49. Kf2 Re4 50. Rxe4 Bxe4 51. Ke3 Ke5 52. a4 h6 53. b5
axb5 54. axb5 Bd5 55. b6 Bc6 56. Kf2 Kf4 57. Ke2 Bf3+ 58. Kd3 Kxg4 59. Kd4 Kxh5
60. Ke5 g4 61. Kf4 Kh4 62. Ke3 Kg3 63. Kd4 h5 64. Kc5 h4 65. Kd6 h3 66. Kc7 h2
67. Kb8 h1=Q 68. Ka7 Kf2 69. Kb8 Qh8+ 70. Kc7 g3 71. Kd6 g2 72. Kc7 g1=Q 73.
Kd6 Qd1+ 74. Ke6 Qd5+ 75. Ke7 Qhe5+ 76. Kf8 Qf6+ 77. Ke8 Qdd8# 0-1

[Event "17ème Open International de La Réunion"]
[Site "Saint Denis"]
[Date "2015.10.10"]
[Round "5.23"]
[White "Strate, Wolfgang"]
[Black "Sawmynaden, Vicken"]
[Result "1-0"]
[WhiteElo "1628"]
[BlackElo "1399"]
[PlyCount "159"]
[EventDate "2015.??.??"]

1. d4 Nf6 2. c4 d5 3. e3 Nc6 4. Nc3 dxc4 5. Bxc4 e6 6. Nf3 Bd6 7. O-O a6 8. Re1
Bb4 9. a3 Bxc3 10. bxc3 h5 11. e4 e5 12. Nxe5 Nxe5 13. dxe5 Qxd1 14. Rxd1 Nxe4
15. Bb2 Ng5 16. f4 Ne6 17. Rf1 Bd7 18. Rad1 O-O-O 19. f5 Nc5 20. Bxf7 Rdf8 21.
e6 Bb5 22. Rf2 Nd3 23. Rfd2 Nxb2 24. Rxb2 Rxf7 25. exf7 Rf8 26. Rbd2 Ba4 27.
Re1 Rxf7 28. Re5 b6 29. h3 Rf6 30. Rd4 Bd7 31. g4 hxg4 32. hxg4 g6 33. Re7 Bxf5
34. gxf5 gxf5 35. Rd2 Rc6 36. Rd3 Rc5 37. Re1 Kb7 38. Kf2 Kc6 39. a4 Rc4 40.
Re6+ Kb7 41. Re5 Rxa4 42. Rxf5 Rc4 43. Ke3 a5 44. Rf4 Rc5 45. Ra4 Ka6 46. c4 c6
47. Kd4 Rh5 48. Re3 b5 49. cxb5+ Kxb5 50. Ra1 c5+ 51. Kc3 Rh4 52. Rb1+ Kc6 53.
Rbe1 Kb5 54. Re4 Rh3+ 55. R4e3 Rh4 56. Rb1+ Kc6 57. Rb2 a4 58. Ra2 Kb5 59. Re8
Rc4+ 60. Kd3 Rd4+ 61. Ke3 Kb4 62. Rb8+ Kc3 63. Ra3+ Kc2 64. Ra8 Rh4 65. R8xa4
c4 66. Ra2+ Kb3 67. R4a3+ Kb4 68. Ra8 Kb3 69. R2a7 c3 70. Rb7+ Kc2 71. Rc8 Rh3+
72. Kf2 Rd3 73. Re8 Kc1 74. Re1+ Kc2 75. Re3 Rd6 76. Rc7 Rd2+ 77. Re2 Kd1 78.
Rxd2+ cxd2 79. Rd7 Kc1 80. Ke2 1-0

[Event "17ème Open International de La Réunion"]
[Site "Saint Denis"]
[Date "2015.10.10"]
[Round "5.24"]
[White "Mablouke, Ulrich"]
[Black "Romain, Juliane"]
[Result "1-0"]
[WhiteElo "1653"]
[BlackElo "1364"]
[PlyCount "60"]
[EventDate "2015.??.??"]

1. e4 e5 2. f4 d6 3. Nf3 Nc6 4. d4 Bg4 5. c3 Nf6 6. d5 Ne7 7. f5 Nxe4 8. Qa4+
Qd7 9. Qxe4 Bxf5 10. Qc4 g6 11. Be3 Bg7 12. Be2 O-O 13. O-O Nc8 14. Nh4 Nb6 15.
Bxb6 axb6 16. Nxf5 gxf5 17. Nd2 c6 18. Nf3 b5 19. Qh4 h6 20. Qh3 Rfd8 21. Nh4
f4 22. Qxd7 Rxd7 23. dxc6 bxc6 24. Nf5 f6 25. Rfd1 d5 26. c4 bxc4 27. Bxc4 Kh7
28. Bb3 Rg8 29. Rac1 Rc7 30. Bxd5 Rb7 1-0

[Event "17ème Open International de La Réunion"]
[Site "Saint Denis"]
[Date "2015.10.10"]
[Round "5.25"]
[White "Padre, Maxime"]
[Black "Oster, Jean-Marie"]
[Result "1-0"]
[WhiteElo "1200"]
[BlackElo "1474"]
[PlyCount "95"]
[EventDate "2015.??.??"]

1. e4 c5 2. d4 cxd4 3. c3 dxc3 4. Nxc3 e6 5. Nf3 Nc6 6. Bc4 Bb4 7. Bd2 Nf6 8.
e5 Ng4 9. Qe2 Qc7 10. a3 Qa5 11. O-O Bxc3 12. Bxc3 Qd8 13. h3 Nh6 14. Bd3 d5
15. exd6 Qxd6 16. Bxg7 Rg8 17. Bxh6 e5 18. Rad1 Qxh6 19. Nxe5 Nxe5 20. Qxe5+
Be6 21. Bf5 Qg7 22. Qxg7 Rxg7 23. Bxe6 fxe6 24. Rfe1 Ke7 25. Re2 Rc8 26. Rde1
Rg6 27. f4 Rc6 28. f5 Rf6 29. fxe6 h5 30. Kh2 Rf5 31. g4 hxg4 32. hxg4 Rg5 33.
Kg3 Rc4 34. Re4 Rcc5 35. Kf4 b6 36. Re5 Rgxe5 37. Rxe5 Rc4+ 38. Kf5 Rc2 39. b4
Rf2+ 40. Kg6 Rf6+ 41. Kg5 a6 42. Kh5 Rf3 43. g5 Rxa3 44. g6 Kf6 45. e7 Rh3+ 46.
Kg4 Rh8 47. e8=Q Rxe8 48. Rxe8 1-0

[Event "17ème Open International de La Réunion"]
[Site "Saint Denis"]
[Date "2015.10.10"]
[Round "5.26"]
[White "Sandjivy, Vivien"]
[Black "Petry, Joachim"]
[Result "0-1"]
[WhiteElo "1318"]
[BlackElo "1399"]
[PlyCount "88"]
[EventDate "2015.??.??"]

1. Nf3 Nf6 2. d4 d5 3. Nc3 e6 4. Bf4 h6 5. g3 Bb4 6. Bg2 Bxc3+ 7. bxc3 b5 8.
Ne5 Bb7 9. Rb1 O-O 10. c4 c6 11. c5 Qa5+ 12. Bd2 Qc7 13. Bf4 Qd8 14. a4 Ne4 15.
Bxe4 dxe4 16. e3 Qa5+ 17. Qd2 Qxd2+ 18. Kxd2 f6 19. Ng4 h5 20. Bd6 Rf7 21. Nh6+
gxh6 22. Rhf1 Nd7 23. f3 f5 24. fxe4 fxe4 25. Rxf7 Kxf7 26. Rf1+ Kg6 27. a5 Re8
28. Rf4 Nf6 29. Be5 Rf8 30. h4 Rf7 31. c3 Bc8 32. Rxf6+ Rxf6 33. Bxf6 Kxf6 34.
Ke1 e5 35. Kf2 Bh3 36. Kg1 Be6 37. Kg2 Kf5 38. Kg1 Kg4 39. Kg2 Bc4 40. dxe5 Kf5
41. Kh3 Be2 42. Kg2 Kxe5 43. Kf2 Bf3 44. Kg1 Kd5 0-1

[Event "17ème Open International de La Réunion"]
[Site "Saint Denis"]
[Date "2015.10.10"]
[Round "5.27"]
[White "Semrau, Christoph"]
[Black "Etheve, Lionel"]
[Result "1/2-1/2"]
[WhiteElo "1399"]
[BlackElo "1390"]
[PlyCount "67"]
[EventDate "2015.??.??"]

1. d4 d5 2. Nc3 Bf5 3. Bf4 Nc6 4. a3 e6 5. Nf3 Bd6 6. Bxd6 Qxd6 7. e3 a6 8. Be2
Nf6 9. Bd3 Bg4 10. Be2 h6 11. h3 Bh5 12. Bd3 Nd7 13. g4 Bg6 14. Bxg6 fxg6 15.
Qd3 Ne7 16. O-O-O O-O-O 17. Rdf1 Rhf8 18. Nd2 e5 19. dxe5 Nxe5 20. Qe2 N5c6 21.
f4 Qe6 22. Nb3 Qd6 23. Rd1 Qf6 24. Qg2 Qf7 25. Ne2 h5 26. Ned4 Nxd4 27. Nxd4
Rd6 28. Rd3 Rfd8 29. Kb1 Nc6 30. Rf1 Nxd4 31. exd4 Rf6 32. Qh2 Rf8 33. Qg3 g5
34. f5 1/2-1/2

[Event "17ème Open International de La Réunion"]
[Site "Saint Denis"]
[Date "2015.10.10"]
[Round "5.28"]
[White "Leccia, Antoine"]
[Black "Laoussing, Mathis"]
[Result "1-0"]
[WhiteElo "1169"]
[BlackElo "1270"]
[PlyCount "71"]
[EventDate "2015.??.??"]

1. e4 d5 2. exd5 Nf6 3. d4 Nxd5 4. c4 Nb6 5. Nf3 Bg4 6. Be3 e5 7. dxe5 Qxd1+ 8.
Kxd1 Nc6 9. h3 Bf5 10. g4 Be4 11. Nbd2 O-O-O 12. Ke2 Bd3+ 13. Ke1 Bb4 14. Bxd3
Rxd3 15. c5 Nc4 16. Ke2 Rhd8 17. Nf1 Nxe3 18. Nxe3 Bxc5 19. Rhd1 Nd4+ 20. Kxd3
Nb3+ 21. Kc4 Nxa1 22. Rxd8+ Kxd8 23. Kxc5 Kd7 24. Ng5 b6+ 25. Kc4 h6 26. Nxf7
Ke7 27. Nh8 Ke6 28. f4 g5 29. f5+ Kxe5 30. Nf7+ Kf6 31. Nxh6 Kg7 32. f6+ Kxh6
33. Kd5 Kh7 34. Ke6 Kg8 35. Ke7 Kh7 36. f7 1-0

[Event "17ème Open International de La Réunion"]
[Site "Saint Denis"]
[Date "2015.10.10"]
[Round "5.29"]
[White "Ringayen, Francinel"]
[Black "Larmet, Nino"]
[Result "1-0"]
[WhiteElo "1320"]
[BlackElo "1099"]
[PlyCount "90"]
[EventDate "2015.??.??"]

1. e4 c5 2. Nf3 d6 3. Nc3 Nc6 4. Bb5 Bd7 5. Bxc6 Bxc6 6. O-O Nf6 7. Re1 d5 8.
e5 Nd7 9. d4 e6 10. dxc5 Bxc5 11. Be3 O-O 12. Bxc5 Nxc5 13. a4 a6 14. b4 Nd7
15. b5 axb5 16. axb5 Rxa1 17. Qxa1 Nxe5 18. Nxe5 Bd7 19. Nxd7 Qxd7 20. h3 f6
21. Qa4 d4 22. b6 Qd6 23. Nb5 Qxb6 24. Nxd4 e5 25. Qb3+ Qxb3 26. Nxb3 Rc8 27.
Re2 h5 28. Na5 b6 29. Nb7 Kf7 30. Nd6+ Ke7 31. Nxc8+ Ke6 32. Nxb6 Kf5 33. f3 h4
34. Kf2 Kf4 35. Nd5+ Kf5 36. g4+ hxg3+ 37. Kxg3 g5 38. h4 gxh4+ 39. Kxh4 Ke6
40. Nxf6 Kxf6 41. c4 Ke6 42. c5 Kd5 43. c6 Kxc6 44. Rxe5 Kd6 45. Re1 Kd5 1-0

[Event "17ème Open International de La Réunion"]
[Site "Saint Denis"]
[Date "2015.10.10"]
[Round "5.30"]
[White "Caminade, Hugo"]
[Black "Cazal, Julian"]
[Result "1-0"]
[WhiteElo "1247"]
[BlackElo "1070"]
[PlyCount "63"]
[EventDate "2015.??.??"]

1. d4 d5 2. Nf3 Nf6 3. Nbd2 Bf5 4. g3 e6 5. c3 c5 6. Bg2 cxd4 7. cxd4 Nc6 8. a3
Bd6 9. b4 O-O 10. Nb3 b6 11. O-O Qe7 12. Be3 Rac8 13. Rc1 a5 14. b5 a4 15. bxc6
axb3 16. Qxb3 Bxa3 17. Ra1 Ra8 18. Qxb6 Rfb8 19. Qxb8+ Rxb8 20. Bc1 Bxc1 21.
Rfxc1 Ne8 22. Ne5 Rb2 23. e3 Qf6 24. Ra8 g6 25. Rxe8+ Kg7 26. c7 Bd3 27. f4 Qf5
28. c8=Q Rxg2+ 29. Kxg2 Be4+ 30. Kf2 Qh5 31. Rg8+ Kh6 32. Qf8# 1-0

[Event "17ème Open International de La Réunion"]
[Site "Saint Denis"]
[Date "2015.10.10"]
[Round "5.31"]
[White "Pun Chung, Leo"]
[Black "Caminade, Lionel"]
[Result "0-1"]
[WhiteElo "1199"]
[BlackElo "1220"]
[PlyCount "68"]
[EventDate "2015.??.??"]

1. e4 b6 2. d4 Bb7 3. Nc3 e6 4. Nf3 Nf6 5. Bd3 d5 6. e5 Nfd7 7. Qe2 c5 8. Bb5
a6 9. Bxd7+ Qxd7 10. a3 Nc6 11. Be3 c4 12. O-O h6 13. Rab1 a5 14. Bc1 Ba6 15.
Qd2 Ne7 16. b3 cxb3 17. cxb3 Bxf1 18. Kxf1 Nf5 19. Qd3 Be7 20. Qb5 Qxb5+ 21.
Nxb5 O-O 22. b4 Rfc8 23. Bd2 Rc4 24. Bc3 Bg5 25. Nxg5 hxg5 26. bxa5 bxa5 27.
Rb3 a4 28. Rb4 Rxb4 29. Bxb4 Rb8 30. Nc3 Rc8 31. Nxa4 Nxd4 32. Nb6 Rc1+ 33. Be1
Ra1 34. a4 Nc2 0-1

[Event "17ème Open International de La Réunion"]
[Site "Saint Denis"]
[Date "2015.10.10"]
[Round "5.32"]
[White "Evrin, Selvam"]
[Black "Hubert, Nathan"]
[Result "1-0"]
[WhiteElo "1220"]
[BlackElo "1020"]
[PlyCount "49"]
[EventDate "2015.??.??"]

1. e4 e5 2. Nf3 Nc6 3. Bc4 Nf6 4. Ng5 d5 5. exd5 Nxd5 6. Nxf7 Kxf7 7. Qf3+ Ke6
8. Nc3 Ncb4 9. O-O Qh4 10. Nxd5 Qxc4 11. Nc3 c6 12. d3 Qh4 13. a3 Nxc2 14. Ra2
Bd6 15. g3 Qh3 16. b4 Nd4 17. Qe4 Kf7 18. f4 Re8 19. fxe5+ Bf5 20. Qxd4 Bxe5
21. Qc4+ Ke7 22. Bg5+ Kd7 23. Qf7+ Kc8 24. Qxe8+ Kc7 25. Qxe5+ 1-0

[Event "17ème Open International de La Réunion"]
[Site "Saint Denis"]
[Date "2015.10.10"]
[Round "5.33"]
[White "Dazin, Nathan"]
[Black "Vincent, Theo"]
[Result "1-0"]
[WhiteElo "1199"]
[BlackElo "1009"]
[PlyCount "77"]
[EventDate "2015.??.??"]

1. e4 e5 2. Nf3 Nc6 3. Bc4 Nf6 4. Nc3 Nxe4 5. Nxe4 d5 6. Bxd5 Qxd5 7. Nc3 Qd7
8. h3 g6 9. O-O Bg7 10. d3 Nd4 11. Nxd4 exd4 12. Re1+ Kd8 13. Bg5+ f6 14. Ne4
fxg5 15. Nxg5 Re8 16. Nxh7 Rxe1+ 17. Qxe1 Bh6 18. Nf6 Qe6 19. Qxe6 Bxe6 20. Re1
Ke7 21. Ne4 Kd7 22. Nc5+ Kc6 23. Rxe6+ Kxc5 24. Rxg6 Bc1 25. Rg7 Re8 26. Rxc7+
Kd5 27. Rxb7 Bf4 28. g4 Bc1 29. h4 Re1+ 30. Kg2 Re2 31. Rb8 Be3 32. Rf8 Bh6 33.
Rg8 Rxc2 34. h5 Rxb2 35. g5 Bxg5 36. Rxg5+ Ke6 37. h6 Rb8 38. h7 Kf6 39. Rg8
1-0

[Event "17ème Open International de La Réunion"]
[Site "Saint Denis"]
[Date "2015.10.10"]
[Round "5.34"]
[White "Leccia, Thomas"]
[Black "Poudroux, Mathilde"]
[Result "1-0"]
[WhiteElo "1162"]
[BlackElo "1199"]
[PlyCount "71"]
[EventDate "2015.??.??"]

1. e4 e5 2. Nf3 Nc6 3. Bc4 Nf6 4. Ng5 d5 5. exd5 Nxd5 6. d3 f6 7. Nf3 f5 8. Ng5
Be7 9. Bxd5 Qxd5 10. O-O e4 11. dxe4 Be6 12. exd5 Bd7 13. dxc6 Bxc6 14. Qe2 a6
15. Re1 O-O-O 16. Nf7 Bb5 17. c4 Rde8 18. Nxh8 Bb4 19. Qxe8+ Bxe8 20. Rxe8+ Kd7
21. Re5 g6 22. Nc3 Bd6 23. Rd5 c6 24. Rd2 Ke7 25. Re2+ Kd7 26. Bg5 c5 27. Rd1
Kc6 28. Re6 Kd7 29. Rdxd6+ Kc7 30. Bd8+ Kc8 31. Na4 b5 32. Nb6+ Kb7 33. Re7+
Kb8 34. Bc7+ Kb7 35. Rde6 Ka7 36. Be5# 1-0

[Event "17ème Open International de La Réunion"]
[Site "Saint Denis"]
[Date "2015.10.10"]
[Round "5.35"]
[White "Boyer, Frederick"]
[Black "Jouve, Marius"]
[Result "0-1"]
[WhiteElo "1200"]
[BlackElo "1430"]
[PlyCount "92"]
[EventDate "2015.??.??"]

1. d4 d5 2. Nc3 Nf6 3. f3 Nc6 4. e4 e6 5. e5 Nd7 6. g3 Nb6 7. f4 Bb4 8. Bd2
Nxd4 9. Nb5 Bxd2+ 10. Qxd2 Nxb5 11. Bxb5+ Bd7 12. Bxd7+ Qxd7 13. b3 O-O-O 14.
Nf3 Kb8 15. O-O c5 16. a4 c4 17. a5 Nc8 18. b4 Ne7 19. Nd4 Nc6 20. Nxc6+ Qxc6
21. c3 Rd7 22. Rfb1 a6 23. b5 axb5 24. Qd4 Kc7 25. Rb2 Ra8 26. Rba2 Kc8 27. h4
h5 28. Kh2 Kd8 29. Rg1 Ke7 30. Qd1 g6 31. g4 hxg4 32. Qxg4 Rdd8 33. Qg5+ Kd7
34. Qf6 Rf8 35. Kg3 Qc5 36. Rga1 Qe3+ 37. Kg2 Qxc3 38. a6 bxa6 39. Rxa6 Qxa1
40. Rxa1 Rxa1 41. Qg7 Ke8 42. h5 c3 43. hxg6 fxg6 44. Qxg6+ Ke7 45. Qg7+ Rf7
46. f5 Rxg7+ 0-1

[Event "17ème Open International de La Réunion"]
[Site "Saint Denis"]
[Date "2015.10.10"]
[Round "5.36"]
[White "Alex-Geerjanan, Nils"]
[Black "Boyer, Mathis"]
[Result "0-1"]
[WhiteElo "1120"]
[BlackElo "1210"]
[PlyCount "136"]
[EventDate "2015.??.??"]

1. e4 e5 2. Nf3 Nc6 3. Bc4 Nf6 4. Nc3 Na5 5. O-O Nxc4 6. d3 Nb6 7. Bg5 h6 8.
Be3 c6 9. Nxe5 d6 10. Nf3 Ng4 11. Bd4 c5 12. Be3 Nxe3 13. fxe3 Qf6 14. Nd2 Qg6
15. Nf3 Bh3 16. Nh4 Qg4 17. Qxg4 Bxg4 18. Nb5 Rc8 19. h3 Be2 20. Rfe1 Bh5 21.
Nf5 Rd8 22. Ng3 Be7 23. Nxh5 g6 24. Nf4 a6 25. Nc3 Bf6 26. Ncd5 Nxd5 27. Nxd5
Bxb2 28. Rab1 Be5 29. Rxb7 Rd7 30. Nf6+ Bxf6 31. Rbb1 Bc3 32. Rf1 Bd2 33. Rb8+
Rd8 34. Rfb1 Bxe3+ 35. Kf1 Bf4 36. Rxd8+ Kxd8 37. Rb8+ Ke7 38. Rxh8 a5 39. Ra8
Bd2 40. Rc8 Kd7 41. Rb8 Kc7 42. Rb2 Bc3 43. Rb3 Bd2 44. Ke2 Bb4 45. c3 a4 46.
Rb1 Bxc3 47. Rc1 Bb2 48. Rc4 a3 49. Kd1 Kb6 50. Ra4 Kc6 51. Ra6+ Kd7 52. g4 g5
53. Ra7+ Ke6 54. Ra8 d5 55. exd5+ Kxd5 56. Rh8 Bxh8 57. Kc2 Ke6 58. Kb3 f5 59.
Kxa3 f4 60. Kb3 f3 61. a4 f2 62. a5 f1=Q 63. a6 Qxd3+ 64. Ka2 Qxa6+ 65. Kb3 c4+
66. Kc2 Qa2+ 67. Kd1 c3 68. h4 Qd2# 0-1

[Event "17ème Open International de La Réunion"]
[Site "Saint Denis"]
[Date "2015.10.10"]
[Round "6.1"]
[White "Harshal, Shahi"]
[Black "Ralison, Milanto Harifidy"]
[Result "1/2-1/2"]
[WhiteElo "2079"]
[BlackElo "2046"]
[PlyCount "102"]
[EventDate "2015.??.??"]

1. e4 c5 2. Nf3 d6 3. d4 cxd4 4. Nxd4 Nf6 5. Nc3 a6 6. Be3 e6 7. a4 Nbd7 8. Be2
Nc5 9. Bf3 e5 10. Nde2 Be6 11. O-O Be7 12. Qd2 Qc7 13. Rfd1 h6 14. Ng3 Rd8 15.
b4 Ncd7 16. Nd5 Bxd5 17. exd5 Nb6 18. Nf5 Bf8 19. Bxb6 Qxb6 20. c4 Qc7 21. Ne3
Be7 22. Be2 O-O 23. Nf5 Rfe8 24. Ra3 Bf8 25. Rf3 Ne4 26. Qc1 Qd7 27. Qb1 Ng5
28. Rg3 g6 29. h4 Qxf5 30. Qxf5 gxf5 31. hxg5 f4 32. Rg4 hxg5 33. Rxg5+ Bg7 34.
Bg4 b6 35. Bf5 Kf8 36. f3 a5 37. bxa5 bxa5 38. Rb1 Rb8 39. Rb5 Rxb5 40. cxb5
Bf6 41. Rh5 Bd8 42. Kf1 Bb6 43. Ke2 Ke7 44. Kd3 Rg8 45. Bg4 Rb8 46. Rh7 Kf6 47.
Ke4 Rb7 48. Bh5 Rc7 49. Kd3 Bd4 50. Kd2 Be3+ 51. Kd3 Bd4 1/2-1/2

[Event "17ème Open International de La Réunion"]
[Site "Saint Denis"]
[Date "2015.10.10"]
[Round "6.2"]
[White "Lorans, Sylvain"]
[Black "Sharma, Dinesh K"]
[Result "0-1"]
[WhiteElo "2188"]
[BlackElo "2356"]
[PlyCount "72"]
[EventDate "2015.??.??"]

1. d4 d5 2. Nf3 Nf6 3. Bf4 c5 4. e3 Nc6 5. c3 Qb6 6. Qb3 c4 7. Qxb6 axb6 8.
Nbd2 b5 9. a3 b4 10. cxb4 Nxb4 11. Rc1 Nc6 12. Be2 e6 13. O-O Be7 14. b3 cxb3
15. Nxb3 Rxa3 16. Nc5 O-O 17. Bb5 Na7 18. Be2 Nc6 19. Bb5 Na7 20. Be2 Ra2 21.
Bd3 Nc6 22. Rc3 Nd7 23. Nxd7 Bxd7 24. Rb1 Ra7 25. Bb5 Rfa8 26. h3 Ra1 27. Rxa1
Rxa1+ 28. Kh2 f6 29. Rb3 Kf7 30. Bc7 Ra2 31. Kg1 h6 32. Kf1 Ke8 33. Ne1 Nb4 34.
Bd3 Ba4 35. Rb1 Nxd3 36. Nxd3 Bc2 0-1

[Event "17ème Open International de La Réunion"]
[Site "Saint Denis"]
[Date "2015.10.10"]
[Round "6.3"]
[White "Mezouaghi, Miloud"]
[Black "Payet, Jean-Claude"]
[Result "1-0"]
[WhiteElo "2074"]
[BlackElo "1872"]
[PlyCount "66"]
[EventDate "2015.??.??"]

1. Nf3 Nf6 2. g3 g6 3. Bg2 Bg7 4. c4 Nc6 5. Nc3 O-O 6. O-O e5 7. d3 d6 8. Rb1
a5 9. a3 h6 10. b4 axb4 11. axb4 Be6 12. b5 Ne7 13. e4 Qd7 14. Re1 Bh3 15. Bh1
Ng4 16. Nd2 f5 17. f3 Nf6 18. Qb3 Kh7 19. Nd1 f4 20. Nf2 Be6 21. gxf4 exf4 22.
d4 Nh5 23. Bb2 g5 24. Bg2 Ng6 25. d5 Bf7 26. Bh3 Qd8 27. Ng4 Nf6 28. Nf2 h5 29.
Bf5 Kh6 30. Kh1 Re8 31. Rg1 Ne5 32. Nh3 Nfd7 33. Nxg5 Bg8 1-0

[Event "17ème Open International de La Réunion"]
[Site "Saint Denis"]
[Date "2015.10.10"]
[Round "6.4"]
[White "Gretry, Patrice"]
[Black "Ringayen, Rose-May"]
[Result "1-0"]
[WhiteElo "1997"]
[BlackElo "1661"]
[PlyCount "71"]
[EventDate "2015.??.??"]

1. e4 e5 2. Nf3 Nc6 3. Bc4 Nf6 4. Ng5 d5 5. exd5 Na5 6. Bb5+ c6 7. dxc6 bxc6 8.
Qf3 Bd7 9. Bd3 Nb7 10. Nc3 Nc5 11. Bc4 Ne6 12. Nxe6 fxe6 13. d3 Bb4 14. O-O O-O
15. Qg3 Bxc3 16. bxc3 Nh5 17. Qxe5 Nf6 18. Bxe6+ Kh8 19. Bb3 Ng4 20. Qg3 Qf6
21. d4 Rac8 22. Ba3 Nh6 23. Bxf8 Rxf8 24. Rae1 Nf5 25. Qe5 Qg5 26. Be6 Bxe6 27.
Qxe6 Nh4 28. g3 Nf3+ 29. Kg2 Nxe1+ 30. Rxe1 Qd2 31. Re2 Qxc3 32. Qf7 h6 33.
Qxf8+ Kh7 34. Qf5+ g6 35. Qf7+ Kh8 36. Re8# 1-0

[Event "17ème Open International de La Réunion"]
[Site "Saint Denis"]
[Date "2015.10.10"]
[Round "6.5"]
[White "Ratsimikatry, Caryl Patrick"]
[Black "Frelicot, Eric"]
[Result "0-1"]
[WhiteElo "1836"]
[BlackElo "1787"]
[PlyCount "62"]
[EventDate "2015.??.??"]

1. e4 c6 2. d4 d5 3. e5 Bf5 4. Nf3 e6 5. Be2 Nd7 6. O-O Ne7 7. Nbd2 c5 8. c3
Nc6 9. Nb3 h6 10. Be3 c4 11. Nbd2 g5 12. Ne1 b5 13. b3 Qa5 14. a4 Qxc3 15. axb5
Nxd4 16. Bxd4 Qxd4 17. bxc4 Nxe5 18. Nef3 Nxf3+ 19. Bxf3 Bg7 20. Rc1 Rc8 21.
Qa4 O-O 22. Rfd1 dxc4 23. Nxc4 Qf4 24. Bc6 Bg4 25. g3 Bxd1 26. Rxd1 Qb8 27. Na5
Rcd8 28. Rb1 Rd4 29. Qa2 Rfd8 30. Bf3 Rd2 31. Qc4 Qb6 0-1

[Event "17ème Open International de La Réunion"]
[Site "Saint Denis"]
[Date "2015.10.10"]
[Round "6.6"]
[White "Riviere, Etienne"]
[Black "Hoareau, Noe"]
[Result "1/2-1/2"]
[WhiteElo "1846"]
[BlackElo "1495"]
[PlyCount "72"]
[EventDate "2015.??.??"]

1. e4 c5 2. Nc3 e6 3. g3 a6 4. Bg2 Qc7 5. d3 Nc6 6. Be3 Nf6 7. Nge2 b5 8. Qd2
Bb7 9. Nd1 h6 10. f4 Ne7 11. O-O d6 12. Nf2 h5 13. h3 Qc6 14. Bh1 Qc7 15. c3 g6
16. a4 Bg7 17. axb5 axb5 18. Rxa8+ Bxa8 19. Ra1 O-O 20. g4 hxg4 21. hxg4 Nd7
22. Nh3 Nb6 23. Ng3 f6 24. Qc2 d5 25. Bf2 Bh6 26. Ne2 g5 27. Be3 gxf4 28. Bxf4
Bxf4 29. Nexf4 Qd6 30. Ra7 dxe4 31. dxe4 f5 32. e5 Qxe5 33. Rxe7 Qe1+ 34. Kh2
Qxh1+ 35. Kg3 Qf3+ 36. Kh2 Qh1+ 1/2-1/2

[Event "17ème Open International de La Réunion"]
[Site "Saint Denis"]
[Date "2015.10.10"]
[Round "6.7"]
[White "Folio, Cedric"]
[Black "Rajaonson, Andriamahenina"]
[Result "1/2-1/2"]
[WhiteElo "1667"]
[BlackElo "1840"]
[PlyCount "98"]
[EventDate "2015.??.??"]

1. d4 d5 2. Nf3 e6 3. Bf4 Nf6 4. Nc3 Bb4 5. a3 Be7 6. e3 c6 7. Be2 O-O 8. h3
Re8 9. Ne5 Nbd7 10. Bd3 Nxe5 11. Bxe5 Bd6 12. Bxd6 Qxd6 13. Ne2 e5 14. c3 b6
15. b4 a5 16. O-O axb4 17. axb4 Bb7 18. Qb3 e4 19. Bc2 Ba6 20. Rfe1 Qf8 21. Ng3
Reb8 22. Rec1 g6 23. Bd1 Nd7 24. Nf1 Kg7 25. Qb2 f5 26. f4 exf3 27. Bxf3 Nf6
28. Ng3 Qd6 29. Qf2 Re8 30. Re1 Bc4 31. Kh1 Qe7 32. Kg1 Ra7 33. Rxa7 Qxa7 34.
Be2 Bxe2 35. Rxe2 Qa1+ 36. Qe1 Ra8 37. Kf2 Qa3 38. Rc2 Qb3 39. Qc1 h5 40. Kf3
Ne4 41. Nxe4 fxe4+ 42. Kg3 Qc4 43. Rf2 c5 44. bxc5 bxc5 45. Qb2 Qa6 46. Kh2
Qd6+ 47. Kg1 Rb8 48. dxc5 Qc7 49. Qd2 Qxc5 1/2-1/2